Apprendre Danois Famille - Statistiques

Statistiques générales
  • Ce quiz a été pris 7 fois
  • Le résultat moyen est 8 sur 19
Statistiques - réponses
Français Danois % Correct
Père Far
100%
Mère Mor
100%
Sœur Søster
100%
Enfant Barn
80%
Frère Bror
80%
Famille Familie
60%
Bébé Baby
40%
Cousin Fætter
40%
Oncle Onkel
40%
Grand-père Bedstefar
20%
Grand-parents Bedsteforældre
20%
Grand-mère Bedstemor
20%
Parents Forældre
20%
Tante Moster
20%
Arrière-grand-père Oldefar
20%
Arrière-grand-parents Oldeforældre
20%
Arrière-grand-mère Oldemor
20%
Adolescent Teenager
0%
Adulte Voksen
0%
Aucun quiz correspondant
Distribution des résultats
% des personnes avec chaque résultat
Percentile par nombre de réponses
Votre historique - résultats
Vous n’avez pas pris ce quiz